000 00378cam a22001217a 4500
008 180718b1909 xxu||||| |||| 00| 0 eng d
082 _aA6x42 P761
245 _aBritish empire: its past, its present, and its future.
_cedited by A. F. Pollard
260 _aLondon
_bThe league of the empire
_c1909
300 _axxxii,864p.
650 _aBritish--Empire
700 _aPollard, A. F.
999 _c410931
_d410931